Mawar hitam : 1

Bibliographic Details
Format: Book
Published: Puchong, Selangor : Myteach Sdn. Bhd. 2022
Series:Siri pahlawan
Subjects:

MARC

LEADER 00000cam a2200000 7i4500
001 0000093478
005 20231228132554.0
020 |a 9789672754466 (  |q (paperback)) 
040 |e rda 
041 |a English 
041 |a Malay 
090 0 0 |a JF AD   |b MAL 
245 1 0 |a Mawar hitam :   |b 1 
264 1 |a Puchong, Selangor :   |b Myteach Sdn. Bhd.   |c 2022 
300 |a 32 pages :   |b color illustrations ;   |c 21 cm. 
336 |a text  |2 rdacontent 
337 |a unmediated  |2 rdamedia 
338 |a volume  |2 rdacarrier 
490 1 |a Siri pahlawan 
500 |a Children ages 7-9 years old (orange) 
541 |c Purchased on 2023   |f 3200762 PHD   |h RM15.80 
650 0 |a Comic books & children 
650 0 |a Comic books, strip etc 
730 0 |a Title 
999 |a 0001750753   |b Book   |c Children Collection   |e Perbadanan Perpustakaan Awam Johor 
999 |a 0001750754   |b Book   |c Children Collection   |e Cawangan Urban Transformation Centre 
999 |a 0001750755   |b Book   |c Children Collection   |e Cawangan AEON Kulaijaya 
999 |a 0001750756   |b Book   |c Children Collection   |e Cawangan Bukit Gambir 
999 |a 0001750757   |b Book   |c Children Collection   |e Perbadanan Perpustakaan Awam Johor 
999 |a 0001750758   |b Book   |c Children Collection   |e Cawangan Tangkak 
999 |a 0001750759   |b Book   |c Children Collection   |e Cawangan Muar 
999 |a 0001750760   |b Book   |c Children Collection   |e Cawangan Batu Pahat 
999 |a 0001750761   |b Book   |c Children Collection   |e Cawangan Kota Tinggi 
999 |a 0001750762   |b Book   |c Children Collection   |e Cawangan Tmn. Ungku Tun Aminah 
999 |a 0001750763   |b Book   |c Children Collection   |e Cawangan Mersing 
999 |a 0001750764   |b Book   |c Children Collection   |e Cawangan Segamat 
999 |a 0001750765   |b Book   |c Children Collection   |e Cawangan Bandar Tenggara 
999 |a 0001750766   |b Book   |c Children Collection   |e Cawangan Taman Universiti 
999 |a 0001750767   |b Book   |c Children Collection   |e Cawangan Pontian 
999 |a 0001750768   |b Book   |c Children Collection   |e Cawangan Taman Sri Lambak 
999 |a 0001750769   |b Book   |c Children Collection   |e Cawangan Bandar Penawar